Hamilton Characters by Picture - Statistics

General Stats
  • This quiz has been taken 621 times
  • The average score is 14 of 17
Answer Stats
Picture Answer % Correct
King George III
95%
Alexander Hamilton
94%
George Washington
92%
Aaron Burr
90%
Eliza Hamilton
90%
Marquis de Lafayette
90%
Thomas Jefferson
89%
Angelica Schuyler
87%
Peggy Schuyler
85%
Hercules Mulligan
80%
James Madison
78%
Maria Reynolds
78%
Philip Hamilton
77%
John Laurens
73%
Charles Lee
67%
Samuel Seabury
57%
James Reynolds
55%
No matching quizzes found
Score Distribution
Percent of People with Each Score
Percentile by Number Answered
Your Score History
You have not taken this quiz